000 00412nam a2200157Ia 4500
008 221030s9999 xx 000 0 und d
020 _a0070996784
041 _aEnglish
082 _a105.23
_bZba
100 _aP. B. Zbar
245 0 _aIndustrial Electronics : A Text Lab Manual ( DEPARTMENTAL )
_cby P. B. Zbar
260 _bTMH
_aNew Delhi
_c2004
300 _a278
650 _aECE Departmental
942 _cBK
999 _c4127
_d4127